Rezervy sú, len ich treba využiť Potreba lepšej finalizácie. Odvetvie so silným exportom. Vysoký podiel pridanej hodnoty
Koncepcia rozvoja drevospracujúceho priemyslu SR s výhľadom do r. 2005, ktorú pripravilo Ministerstvo hospodárstva SR. Ciele odvetvia, analýza jeho potrieb a predchádzajúceho vývoja. Výňatky z materiálov týkajúcich sa drevospracujúceho, nábytkárskeho a celulózovo-papierenského odvetvia.
Salvato in:
| Autore principale: | |
|---|---|
| Altri autori: | , |
| Natura: | Capitolo di libro |
| Lingua: | slovacco |
| Soggetti: | |
| Tags: |
Nessun Tag, puoi essere il primo ad aggiungerne!!
|
MARC
| LEADER | 00000naa a2200000 4500 | ||
|---|---|---|---|
| 001 | r027335 | ||
| 005 | 20230824090210.3 | ||
| 041 | 0 | |a slo | |
| 044 | |a SK | ||
| 245 | 1 | 0 | |a Rezervy sú, len ich treba využiť |b Potreba lepšej finalizácie. Odvetvie so silným exportom. Vysoký podiel pridanej hodnoty |c V. Buzgo, D. Milová, Š. Fábry |
| 520 | |a Koncepcia rozvoja drevospracujúceho priemyslu SR s výhľadom do r. 2005, ktorú pripravilo Ministerstvo hospodárstva SR. Ciele odvetvia, analýza jeho potrieb a predchádzajúceho vývoja. Výňatky z materiálov týkajúcich sa drevospracujúceho, nábytkárskeho a celulózovo-papierenského odvetvia. | ||
| 610 | 2 | 0 | |a Slovensko |
| 610 | 2 | 0 | |a 1995-2005 |
| 610 | 2 | 0 | |a priemysel drevársky |
| 610 | 2 | 0 | |a priemysel celulózový |
| 610 | 2 | 0 | |a priemysel papiernický |
| 610 | 2 | 0 | |a priemysel nábytkársky |
| 610 | 2 | 0 | |a koncepcie |
| 610 | 2 | 0 | |a MH SR Bratislava |
| 100 | 1 | |a Buzgo, V. | |
| 700 | 1 | |a Milová, D. | |
| 700 | 1 | |a Fábry, Š. | |